| 000 | 01689nam a2200529 a 4500 | ||
|---|---|---|---|
| 001 | 20349 | ||
| 003 | VRT | ||
| 005 | 20260121133001.0 | ||
| 008 | 180105s2017 xr 011 0 cze d | ||
| 020 | _a9788075652355 (brož.) | ||
| 039 | 9 |
_a201801261338 _bmsvkpo26 _c201801051334 _dVLOAD _c201712150704 _dmskpk07 |
|
| 040 |
_aSVKPO _bslo _cSVKPO _eAACR2 |
||
| 041 | 1 |
_acze _heng |
|
| 044 |
_axr _cCZ |
||
| 072 | 7 |
_a613 _xHygiena. Ľudské zdravie _2konspekt |
|
| 080 |
_a664.41 _22011 |
||
| 080 |
_a641.881 _22001 |
||
| 080 |
_a614 _22011 |
||
| 080 |
_a614.31 _22011 |
||
| 080 |
_a613.2 _22011 |
||
| 080 |
_a664.4 _22011 |
||
| 080 |
_a612.392.6 _22011 |
||
| 080 |
_a392.81 _22011 |
||
| 080 |
_a(0.062) _22011 |
||
| 080 |
_a612.39 _22011 |
||
| 100 | 1 | _aDiNicolantonio, James | |
| 240 | 1 | 4 |
_aThe salt fix _lČesky |
| 245 | 1 | 0 |
_aPravda o soli _blži odborníků o látce, bez které nemůžeme žít _cJames DiNicolantonio ; [z anglického originálu ... přeložil Jan Kozák] |
| 250 | _aVydání první | ||
| 260 |
_aBrno _bJota _c2017 |
||
| 300 |
_a286 s. _c21 cm |
||
| 490 | 1 | _aPopulárně naučná | |
| 504 | _aBibliografické odkazy; register | ||
| 650 | 0 | 7 |
_ajedlá soľ _xzdravotné aspekty _2SNKPH |
| 650 | 0 | 7 |
_akuchynská soľ _xzdravotné aspekty _2SNKPH |
| 650 | 0 | 7 |
_aanalýza potravín _2SNKPH |
| 650 | 0 | 7 |
_ahygiena výživy _2SNKPH |
| 650 | 0 | 7 |
_astravovacie návyky _2SNKPH |
| 650 | 0 | 7 |
_azdravá výživa _2SNKPH |
| 655 | 7 |
_apopulárno-náučné publikácie _2SNKPH |
|
| 700 | 1 |
_aKozák, Jan, _d1984- _4trl |
|
| 830 | 0 | _aPopulárně naučná | |
| 910 | _asvkpo | ||
| 910 | _askpk | ||
| 942 |
_2ddc _cOLDE _n0 |
||
| 949 |
_6273K0617784 _asvkpoA 235159 _bsvkpo615062 |
||
| 999 |
_c20349 _d20349 |
||